Song Title Chain - Statistics

General Stats
  • This quiz has been taken 772 times
  • The average score is 9 of 15
Answer Stats
Hint Answer % Correct
1983 Billy Joel song about a "downtown man" in love with a wealthy girl Uptown Girl
85%
1982 Survivor song written as the theme for Rocky III Eye of the Tiger
84%
'80s Rick Astley hit that became a '00s internet meme Never Gonna Give You Up
82%
Nirvana's biggest hit, propelling grunge into the mainstream in 1991 Smells Like Teen Spirit
81%
1967 Aretha Franklin classic originally performed by Otis Redding Respect
80%
1984 Prince song that accompanied an album and film of the same name Purple Rain
79%
Los del Río song that sparked a dance craze in the mid-90s Macarena
77%
Lorde became the youngest artist to win Song of the Year with this 2013 single Royals
70%
1985 Prince song made a hit by Sinéad O'Connor five years later Nothing Compares 2 U
60%
The Beatles' final single before McCartney's departure, released in 1970 Let It Be
51%
1975 Fleetwood Mac song described by Stevie Nicks as "a song about an old Welsh witch" Rhiannon
41%
The second single from Katy Perry's 2010 album of the same name Teenage Dream
41%
Opening track to Elton John's 1971 album Madman Across the Water Tiny Dancer
36%
2000 Britney Spears single with a spoken-word bridge referencing the film Titanic Oops!... I Did It Again
32%
Selena Quintanilla's first number-one hit, the lead single from her 1994 album of the same name Amor Prohibido
5%
No matching quizzes found
Score Distribution
Percent of People with Each Score
Percentile by Number Answered
Your Score History
You have not taken this quiz